000 00663nam a2200265Ia 4500
005 20260121171824.0
008 008 260114s9999 xx 000 0 eng d
020 _a9783030449032
037 _aEBOOK
040 _aCRL
040 _beng
040 _cCRL
041 _2eng
041 _aeng
084 _qCRL
100 _aDaniel Muñoz-Espin, Marco Demaria
_91080882
245 0 _aSenolytics in Disease, Ageing and Longevity
260 _bSpringer
260 _bSpringer
260 _c2020
856 _uhttps://link.springer.com/openurl?genre=book&isbn=978-3-030-44903-2
942 _cEBOOK
999 _c1646615
_d1646615